Online
Catalog

William Somerset Maugham y todos los Maugham / (Record no. 1790)

MARC details
000 -CABECERA
campo de control de longitud fija 00831cam a2200205 a 4500
001 - NÚMERO DE CONTROL
campo de control 000001924
005 - FECHA Y HORA DE LA ÚLTIMA TRANSACCIÓN
campo de control 20200929145746.0
008 - DATOS DE LONGITUD FIJA--INFORMACIÓN GENERAL
campo de control de longitud fija 780217s1966 mx ac 001 0cspa
040 ## - FUENTE DE LA CATALOGACIÓN
Centro catalogador/agencia de origen DO-SdBNP
Lengua de catalogación spa
Centro/agencia transcriptor BNPHU
082 ## - NÚMERO DE LA CLASIFICACIÓN DECIMAL DEWEY
Número de clasificación 828.91209
Número de documento/Ítem M449w
100 1# - ENTRADA PRINCIPAL--NOMBRE DE PERSONA
Nombre de persona Maugham, Robin,
Fechas asociadas al nombre 1916-1981.
9 (RLIN) 6245
245 10 - MENCIÓN DE TÍTULO
Título William Somerset Maugham y todos los Maugham /
Mención de responsabilidad, etc. Robin Maugham ; traductor, Ramón Gil Morales.
260 ## - PUBLICACIÓN, DISTRIBUCIÓN, ETC.
Lugar de publicación, distribución, etc. México, D. F. :
Nombre del editor, distribuidor, etc. Diana,
Fecha de publicación, distribución, etc. 1966.
300 ## - DESCRIPCIÓN FÍSICA
Extensión 270 p. :
Otras características físicas il., retrs. ;
Dimensiones 21 cm.
500 ## - NOTA GENERAL
Nota general Título original: Somerset and all the Maughams.
500 ## - NOTA GENERAL
Nota general Edición original en inglés por Longmaus-Heinemann, Londres
600 10 - PUNTO DE ACCESO ADICIONAL DE MATERIA--NOMBRE DE PERSONA
Nombre de persona Maugham, W. Somerset
Forma completa/desarrollada del nombre (William Somerset),
Fechas asociadas al nombre 1874-1965.
9 (RLIN) 5255
600 10 - PUNTO DE ACCESO ADICIONAL DE MATERIA--NOMBRE DE PERSONA
Nombre de persona Maugham, Frederic Herbert Maugham,
Títulos y otros términos asociados al nombre Viscount,
Fechas asociadas al nombre 1866-1958.
9 (RLIN) 6246
700 1# - PUNTO DE ACCESO ADICIONAL--NOMBRE DE PERSONA
Nombre de persona Gil Morales, Ramón ;
Término indicativo de función/relación tr.
9 (RLIN) 6247
Holdings
Estado de retiro Estado de pérdida Restricciones de uso No para préstamo Código de colección Localización permanente Ubicación/localización actual Ubicación en estantería Fecha de adquisición Número de inventario Total de préstamos Signatura topográfica completa Código de barras Fecha visto por última vez Precio válido a partir de Tipo de ítem Koha
    Préstamo interno   Monografías: Libros y Folletos General General En catalogación 22.09.2009 LF1   828.91209 M449w 1924-10 25.06.2020 25.06.2020 Préstamo interno

Powered by Koha